Transistor circuit analysis and design / (Record no. 182085)
[ view plain ]
| 000 -LEADER | |
|---|---|
| fixed length control field | 00910 a2200181 4500 |
| 003 - CONTROL NUMBER IDENTIFIER | |
| control field | NUST |
| 005 - DATE AND TIME OF LATEST TRANSACTION | |
| control field | 20230725092347.0 |
| 040 ## - CATALOGING SOURCE | |
| Transcribing agency | Nust |
| 082 ## - DEWEY DECIMAL CLASSIFICATION NUMBER | |
| Classification number | 621.3815,FIT |
| 100 ## - MAIN ENTRY--PERSONAL NAME | |
| Personal name | Fitchen, Franklin C. |
| 9 (RLIN) | 113797 |
| 245 ## - TITLE STATEMENT | |
| Title | Transistor circuit analysis and design / |
| Statement of responsibility, etc. | Fitchen, Franklin C. |
| 260 ## - PUBLICATION, DISTRIBUTION, ETC. | |
| Place of publication, distribution, etc. | Van Nostrand |
| Name of publisher, distributor, etc. | Princeton |
| Date of publication, distribution, etc. | 1960 |
| 300 ## - PHYSICAL DESCRIPTION | |
| Extent | 356 p.; |
| Other physical details | illus |
| Dimensions | 24 cm |
| 505 ## - FORMATTED CONTENTS NOTE | |
| Formatted contents note | Introduction to the Transistor (Page-1), Semiconductor Physics (Page-20), The Operating Point (Page-43), Equivalent Circuits and Their Parameters (Page-69), Single-Stage Amplifier Design (Page-114), Large-Signal Amplifiers (Page-141), Multistage Amplifiers (Page-165), Feedback (Page-188), Communications Amplifiers (Page-226), Communications Circuits and Systems (Page-270), Pulse Circuits (Page-304). |
| 600 ## - SUBJECT ADDED ENTRY--PERSONAL NAME | |
| Personal name | Fitchen, Franklin C. |
| 9 (RLIN) | 113797 |
| 650 ## - SUBJECT ADDED ENTRY--TOPICAL TERM | |
| Topical term or geographic name entry element | Telecommunication engineering |
| 942 ## - ADDED ENTRY ELEMENTS (KOHA) | |
| Source of classification or shelving scheme | |
| Koha item type | Book |
| Call number prefix | 621.3815,FIT |
| Withdrawn status | Lost status | Source of classification or shelving scheme | Damaged status | Not for loan | Permanent Location | Current Location | Shelving location | Date acquired | Full call number | Barcode | Date last seen | Price effective from | Koha item type | Public note |
|---|---|---|---|---|---|---|---|---|---|---|---|---|---|---|
| Military College of Signals (MCS) | Military College of Signals (MCS) | General Stacks | 12/12/2016 | 621.3815,FIT | MCS22282 | 12/08/2016 | 12/12/2016 | Book | Almirah No. 88, Shelf No.5 | |||||
| Military College of Signals (MCS) | Military College of Signals (MCS) | General Stacks | 12/12/2016 | 621.3815,FIT | MCS5668 | 12/08/2016 | 12/12/2016 | Book | Almirah No. 88, Shelf No.5 | |||||
| Military College of Signals (MCS) | Military College of Signals (MCS) | General Stacks | 12/12/2016 | 621.3815,FIT | MCS6713 | 12/08/2016 | 12/12/2016 | Book | Almirah No. 88, Shelf No.5 | |||||
| Military College of Signals (MCS) | Military College of Signals (MCS) | General Stacks | 12/12/2016 | 621.3815,FIT | MCS6714 | 12/08/2016 | 12/12/2016 | Book | Almirah No. 88, Shelf No.5 |
